Nutrition and immune function / (Record no. 614524)

000 -LEADER
fixed length control field 02112cam a22004454a 4500
001 - CONTROL NUMBER
control field 12711606
005 - DATE AND TIME OF LATEST TRANSACTION
control field 20250819103025.0
008 - FIXED-LENGTH DATA ELEMENTS--GENERAL INFORMATION
fixed length control field 020320r20022006nyua b 001 0 eng
010 ## - LIBRARY OF CONGRESS CONTROL NUMBER
LC control number 2002004470
020 ## - INTERNATIONAL STANDARD BOOK NUMBER
International Standard Book Number 0851995837
020 ## - INTERNATIONAL STANDARD BOOK NUMBER
International Standard Book Number 9780851995830
035 ## - SYSTEM CONTROL NUMBER
System control number 12711606
040 ## - CATALOGING SOURCE
Original cataloging agency DLC
Transcribing agency DLC
Modifying agency DLC
042 ## - AUTHENTICATION CODE
Authentication code pcc
050 00 - LIBRARY OF CONGRESS CALL NUMBER
Classification number QR182
Item number .N88 2002
082 00 - DEWEY DECIMAL CLASSIFICATION NUMBER
Classification number 616.079
Author Mark NUT
245 00 - TITLE STATEMENT
Title Nutrition and immune function /
Statement of responsibility, etc. edited by Philip C. Calder, Catherine J. Field, and Harsharnjit S. Gill.
260 ## - PUBLICATION, DISTRIBUTION, ETC.
Place of publication, distribution, etc. New York :
Name of publisher, distributor, etc. CABI Publishing in association with the Nutrition Society,
Date of publication, distribution, etc. 2006
300 ## - PHYSICAL DESCRIPTION
Extent x, 426 pages :
Other physical details illustrations ;
Dimensions 26 cm.
336 ## - CONTENT TYPE
Content type term text
Content type code txt
Source rdacontent
337 ## - MEDIA TYPE
Media type term unmediated
Media type code n
Source rdamedia
338 ## - CARRIER TYPE
Carrier type term volume
Carrier type code nc
Source rdacarrier
440 #0 - SERIES STATEMENT/ADDED ENTRY--TITLE
Title Frontiers in nutritional science ;
Volume/sequential designation no. 1
9 (RLIN) 130315
504 ## - BIBLIOGRAPHY, ETC. NOTE
Bibliography, etc. note Includes bibliographical references and index.
505 ## - FORMATTED CONTENTS NOTE
Formatted contents note Part I: The Immune System; Part II: Individual Nutrients, Infection and Immune Function; Part III: Nutrition and Immunity Through the Life Cycle; Public Health Implications.
520 ## - SUMMARY, ETC.
Summary, etc. Collection of reviews exploring how specific nutrients influence immune response, covering amino acids, vitamins, minerals, probiotics, immunity across the lifespan, and public health perspectives.
546 ## - LANGUAGE NOTE
Language note In English
650 #0 - SUBJECT ADDED ENTRY--TOPICAL TERM
Topical term or geographic name entry element Immune system.
9 (RLIN) 958
650 #0 - SUBJECT ADDED ENTRY--TOPICAL TERM
Topical term or geographic name entry element Nutrition.
9 (RLIN) 37332
650 #0 - SUBJECT ADDED ENTRY--TOPICAL TERM
Topical term or geographic name entry element Natural immunity.
9 (RLIN) 130316
650 #0 - SUBJECT ADDED ENTRY--TOPICAL TERM
Topical term or geographic name entry element Dietary supplements.
9 (RLIN) 130317
700 1# - ADDED ENTRY--PERSONAL NAME
Personal name Calder, Philip C.
9 (RLIN) 130318
856 41 - ELECTRONIC LOCATION AND ACCESS
Materials specified Table of contents only
Uniform Resource Identifier <a href="http://www.loc.gov/catdir/toc/fy037/2002004470.html">http://www.loc.gov/catdir/toc/fy037/2002004470.html</a>
856 42 - ELECTRONIC LOCATION AND ACCESS
Materials specified Publisher description
Uniform Resource Identifier <a href="http://www.loc.gov/catdir/enhancements/fy0612/2002004470-d.html">http://www.loc.gov/catdir/enhancements/fy0612/2002004470-d.html</a>
906 ## - LOCAL DATA ELEMENT F, LDF (RLIN)
a 7
b cbc
c orignew
d 1
e ecip
f 20
g y-gencatlg
942 ## - ADDED ENTRY ELEMENTS (KOHA)
Source of classification or shelving scheme
Koha item type Book
Holdings
Withdrawn status Lost status Source of classification or shelving scheme Damaged status Not for loan Permanent Location Current Location Shelving location Date acquired Source of acquisition Cost, normal purchase price Total Checkouts Full call number Barcode Date last seen Date last checked out Copy number Cost, replacement price Price effective from Koha item type
          NUST School of Health Sciences (NSHS) NUST School of Health Sciences (NSHS) General Stacks 08/07/2025 Golden Books 39286.00 1 616.079 NUT NSHS-2055 01/28/2026 08/25/2025 c.1 72572.00 08/07/2025 Book
        Not For Loan NUST School of Health Sciences (NSHS) NUST School of Health Sciences (NSHS) Reference 08/07/2025 Golden Books 39286.00   R 616.079 NUT NSHS-2056 08/19/2025   c.2 72572.00 08/07/2025 Book
© 2023 Central Library, National University of Sciences and Technology. All Rights Reserved.